| 000 | 00403nam a22001697a 4500 | ||
|---|---|---|---|
| 003 | CEME | ||
| 005 | 20210628202326.0 | ||
| 008 | 210309b xxu||||| |||| 00| 0 eng d | ||
| 020 | _a969-8009-12-4 | ||
| 040 | _c. | ||
| 082 | _a025.3 MUH'M | ||
| 100 |
_aMuhammad Riaz _947849 |
||
| 245 | _aA manual of practical cataloguing | ||
| 260 |
_aLAHORE _bQADIRYYA _c1989 |
||
| 300 | _a255P | ||
| 942 |
_cBK _2ddc |
||
| 999 |
_c569357 _d569357 |
||